000 00404nam a22001457a 4500
003 SGT
020 _a9780143066231
082 _a320
_bV09D
100 _aडोभाल, भगवती प्रसाद
245 _aविचार जो कामयाब रहे
260 _bपेंगुइन बुक्स
_c2009
300 _a256
650 _aPOLITICAL SCIENCE
942 _2ddc
_cBK
999 _c28801
_d28801